[Event "Aragon-chT Preferente Gr I"]
[Site "Aragon"]
[Date "2022.03.19"]
[Round "8.35"]
[White "Carruez Gracia, Eduardo"]
[Black "Torres Montes, Juan"]
[Result "1-0"]
[WhiteElo "1934"]
[BlackElo "1543"]
[PlyCount "35"]
[EventDate "2022.01.29"]
[EventType "team-tourn"]
[EventRounds "9"]
[EventCountry "ESP"]
[SourceTitle "EXT 2024"]
[Source "ChessBase"]
[SourceDate "2023.10.10"]
[SourceVersion "1"]
[SourceVersionDate "2023.10.10"]
[SourceQuality "1"]
[WhiteTeam "Agrupacion II"]
[BlackTeam "Casablanca MyInvestor II"]
[WhiteTeamCountry "ESP"]
[BlackTeamCountry "ESP"]

1. e4 g6 2. d4 Bg7 3. Nc3 e6 4. h4 h6 5. Be3 d6 6. f4 Ne7 7. Nf3 f5 8. h5 fxe4 9. Nxe4 Nf5 10. Bf2 Nc6 11. g4 d5 12. Nc5 b6 13. Bb5 Nfe7 14. Bh4 g5 15. fxg5 bxc5 16. gxh6 Kd7 17. hxg7 Rg8 18. Ne5+ 1-0

[Event "Aragon-chT Preferente Gr I"]
[Site "Aragon"]
[Date "2022.02.05"]
[Round "2.46"]
[White "Cajo Esteban, Ruben"]
[Black "Torres Montes, Juan"]
[Result "1/2-1/2"]
[WhiteElo "1868"]
[BlackElo "1543"]
[PlyCount "80"]
[EventDate "2022.01.29"]
[EventType "team-tourn"]
[EventRounds "9"]
[EventCountry "ESP"]
[SourceTitle "EXT 2024"]
[Source "ChessBase"]
[SourceDate "2023.10.10"]
[SourceVersion "1"]
[SourceVersionDate "2023.10.10"]
[SourceQuality "1"]
[WhiteTeam "Dr Azua"]
[BlackTeam "Casablanca MyInvestor II"]
[WhiteTeamCountry "ESP"]
[BlackTeamCountry "ESP"]

1. d4 b6 2. c4 e6 3. Nc3 Bb7 4. e4 d6 5. Bd3 Nd7 6. Nge2 g6 7. 0-0 Bg7 8. f3 Ne7 9. Bg5 h6 10. Be3 e5 11. d5 g5 12. g4 Ng6 13. Ng3 Nh4 14. b4 a6 15. Na4 c5 16. bxc5 bxc5 17. Rb1 Rb8 18. Rf2 0-0 19. Rfb2 Qc7 20. Kf2 Ba8 21. Qe1 Rxb2+ 22. Rxb2 Rb8 23. Qb1 Rxb2+ 24. Qxb2 Qb7 25. Qxb7 Bxb7 26. Bd2 Bf6 27. Ba5 Kf8 28. Bc2 Ke8 29. Bc7 Be7 30. Nc3 Bc8 31. Ba4 Kf8 32. Bc6 Nf6 33. h3 Ne8 34. Bb8 Nf6 35. a3 Ne8 36. Na4 a5 37. Nb6 Ba6 38. Bb5 Bxb5 39. cxb5 Bd8 40. Na4 Ke7 1/2-1/2